Statystyki dla Flagi Powiatów w Lubelskim

Kliknij tutaj aby rozwiązać quiz!

Ogólne statystyki

  • Ten quiz został rozwiązany 30 razy
  • Średni wynik to 20 z 24

Statystyki odpowiedzi

Odpowiedź% Poprawnych
Chełm
100%
Lublin
100%
Lubelski
96%
Biała-Podlaska
93%
Zamość
93%
Bialski
89%
Chełmski
89%
Puławski
89%
Kraśnicki
85%
Świdnicki
85%
Zamojski
85%
Biłgorajski
78%
Hrubieszowski
78%
Janowski
78%
Opolski
78%
Tomaszowski
78%
Włodawski
78%
Krasnostawski
74%
Lubartowski
74%
Parczewski
70%
Radzyński
70%
Rycki
70%
Łukowski
67%
Łęczyński
63%

Rozkład punktacji

Percentyl według liczby udzielonych odpowiedzi

Procent ludzi z każdym wynikiem

Twoja historia wyników

Nie rozwiązałeś tego quizu